000 00323nam a22001337a 4500
008 170405b xxu||||| |||| 00| 0 eng d
020 _a9781416058410
041 _aeng
080 _a616.34
100 _a9
101 _aSHM
245 _aGASTROINTENSTINAL ENDOSCOPY CLINICS OF NORTH AMERICA
_cFURUTA, G.T
942 _2udc
_cBK
999 _c9838
_d9838